[Event "Canberra"]
[Site "Canberra"]
[Date "1995.??.??"]
[Round "1"]
[White "Barcenilla, Rogelio"]
[Black "Situru, Nathanael"]
[Result "1-0"]
[WhiteElo "2455"]
[BlackElo "2415"]

1.c4 e5 2.g3 g6 3.Bg2 Bg7 4.Nc3 Nc6 5.d3 d6 6.Rb1 a5 7.e3 Be6 8.a3 Qd7 9.b4 axb4
10.axb4 f5 11.Nd5 Nf6 12.b5 Nd8 13.b6 Nxd5 14.cxd5 Bf7 15.bxc7 Qxc7 16.Bd2 O-O
17.Ne2 Be8 18.Rb4 b5 19.O-O Ra4 20.Qb1 Rxb4 21.Bxb4 Nf7 22.Rc1 Qb8 23.Ba5 Bf6
24.d4 exd4 25.Nxd4 Bxd4 26.exd4 Qa8 27.Qb4 Bd7 28.Rc7 Rd8 29.h4 h5 30.Bf3 Kf8
31.Kg2 Be8 32.Rc6 Rd7 33.Qc3 Ra7 34.Rc8 Rxa5 35.Rxa8 Rxa8 36.Bd1 Ra7 37.Qc8 Re7
38.Bc2 Kg7 39.Bd3 Re1 40.f3 Re3 41.Bf1 Re7 42.Kf2 Bd7 43.Qb8 Be8 44.Be2 Bd7
45.Ke1 Kf6 46.Kd2 Re8 47.Qc7 Re7 48.Qc1 Re8 49.Bd3 Re7 50.Qb1 Nh8 51.Qc2 Be8
52.g4 fxg4 53.fxg4 hxg4 54.Qc8 g3 55.Qg4 g2 56.Qxg2 Ra7 57.Qg5+ Kg7 58.h5 Bf7
59.h6+ Kh7 60.Bxb5 Ra2+ 61.Ke3 Rh2 62.Qf6 Rxh6 63.Qxd6 Rh3+ 64.Kd2 Rh5 65.Bc4 Rf5
66.Kc3 Rf3+ 67.Kb4 Rf5 68.Qe7 Rf4 69.Kc3 Rf3+ 70.Bd3  1-0

[Event "Canberra"]
[Site "Canberra"]
[Date "1995.??.??"]
[Round "3"]
[White "Barcenilla, Rogelio"]
[Black "Wohl, Aleksandar H"]
[Result "1-0"]
[WhiteElo "2455"]
[BlackElo "2400"]

1.c4 e5 2.g3 Nc6 3.Bg2 g6 4.Nc3 Bg7 5.e3 f5 6.d3 Nf6 7.Rb1 O-O 8.Nge2 Ne7
9.O-O Kh8 10.b4 d5 11.cxd5 Nexd5 12.a3 Be6 13.Bb2 Qe7 14.Na4 Bg8 15.Qc2 Rad8
16.Rbc1 Ng4 17.e4 fxe4 18.dxe4 Nb6 19.Nxb6 axb6 20.h3 Nf6 21.Rfd1 Rxd1+ 22.Rxd1 Ne8
23.Nc3 Be6 24.Nd5 Qf7 25.Rd3 Kg8 26.b5 Bxd5 27.Rxd5 c6 28.Rd2 cxb5 29.Bf1 Qe6
30.Bxb5 Nd6 31.Be2 Qf6 32.f4 Qe7 33.Qb3+ Nf7 34.Qb4 Qe6 35.Bg4 Qc6 36.Bd7 Qc7
37.Qc3 Qxc3 38.Bxc3 exf4 39.Bxg7 Kxg7 40.gxf4 g5 41.e5 gxf4 42.Rg2+ Kh6 43.e6 Nd6
44.e7 Rh8 45.a4 Ne8 46.Rg4 Nf6 47.Bb5 Nxg4 48.hxg4 Kg5 49.e8=Q Rxe8 50.Bxe8 Kxg4
51.Kf2 Kf5 52.Bh5 Kg5 53.Bf3 h5 54.Kg2 h4 55.Kh3 Kf5 56.Kxh4 Ke6 57.Bxb7 Kd6
58.Kg4 Kc7 59.Ba6 Kb8 60.Kxf4 Ka7 61.Bb5 Kb7 62.Ke5  1-0

[Event "Canberra"]
[Site "Canberra"]
[Date "1995.??.??"]
[Round "4"]
[White "Dinh Duc Trong"]
[Black "Levi, Eddy"]
[Result "1-0"]
[WhiteElo "2240"]
[BlackElo "2235"]

1.c4 e5 2.g3 d6 3.Bg2 Nc6 4.Nc3 Be6 5.d3 Qd7 6.b4 Nxb4 7.Bxb7 Rb8 8.Bg2 Na6
9.Be3 c5 10.Rb1 Nf6 11.Rxb8+ Nxb8 12.Qb1 Nc6 13.Bxc6 Qxc6 14.Qb8+ Bc8 15.Nf3 a6
16.O-O Be7 17.Rb1 Bd8 18.Bg5 Nd7 19.Qb3 f6 20.Bd2 O-O 21.Nd5 Kh8 22.e4 f5
23.Bg5 Nf6 24.Bxf6 gxf6 25.Nh4 fxe4 26.dxe4 Qe8 27.Nf5 Qh5 28.Qd1 Qg6 29.Qf3 Bxf5
30.Qxf5 Qf7 31.Rb8 a5 32.h4 Kg8 33.Kg2 Kg7 34.Qc8 Qe8 35.Rb7+ Rf7 36.Ne3 Rxb7
37.Qxb7+ Qf7 38.Nf5+ Kf8 39.Qc8 Qc7 40.Qe6 Be7 41.h5 a4 42.Nh6 Kg7 43.Ng8 Bd8
44.Qe8 h6 45.Qg6+ Kf8 46.Nxh6 Qg7 47.Qxg7+ Kxg7 48.Nf5+ Kh7 49.Nxd6  1-0

[Event "Canberra"]
[Site "Canberra"]
[Date "1995.??.??"]
[Round "6"]
[White "Dinh Duc Trong"]
[Black "Barcenilla, Rogelio"]
[Result "1-0"]
[WhiteElo "2240"]
[BlackElo "2455"]

1.c4 e5 2.g3 Nc6 3.Bg2 g6 4.Nc3 Bg7 5.d3 d6 6.Nf3 Nge7 7.Rb1 O-O 8.O-O f5
9.Bd2 a5 10.Qc1 Kh8 11.Bh6 f4 12.Bxg7+ Kxg7 13.Nd5 Nxd5 14.cxd5 Nb4 15.Qc4 Bd7
16.a3 b5 17.Qb3 Na6 18.d4 e4 19.Nd2 e3 20.fxe3 fxg3 21.hxg3 Qg5 22.Ne4 Qh5
23.Bf3 Qh3 24.Rf2 h5 25.Rbf1 Rae8 26.Bg2 Qg4 27.Bf3 Qh3 28.Rh2 Qf5 29.g4 a4
30.gxf5 axb3 31.fxg6 Bg4 32.Bxg4 Rxf1+ 33.Kxf1 hxg4 34.Ng3 Kxg6 35.e4 Rf8+
36.Ke1 Nb8 37.Rh4 Kg5 38.Rh5+ Kg6 39.Rh4 Kg5 40.Rh7 c6 41.Rg7+ Kh4 42.Nf5+ Kh5
43.Kf2 cxd5 44.Kg3 Re8 45.Nxd6 Re6 46.Nf7  1-0

[Event "Canberra"]
[Site "Canberra"]
[Date "1995.??.??"]
[Round "7"]
[White "Barcenilla, Rogelio"]
[Black "Levi, Eddy"]
[Result "0-1"]
[WhiteElo "2455"]
[BlackElo "2235"]

1.c4 e5 2.g3 Nf6 3.Bg2 c6 4.Nf3 e4 5.Nd4 d5 6.cxd5 Qxd5 7.Nc2 Qh5 8.h3 Bd6
9.Nc3 Qg6 10.d3 exd3 11.Qxd3 Qxd3 12.exd3 Na6 13.Bg5 Be7 14.O-O-O Nc7 15.Rhe1 Be6
16.f4 g6 17.g4 Ng8 18.Ne4 O-O-O 19.Bxe7 Nxe7 20.Ng5 Ned5 21.f5 gxf5 22.gxf5 Rhg8
23.fxe6 Rxg5 24.Bxd5 Rgxd5 25.exf7 Rf8 26.Ne3 Rc5+ 27.Nc4 Rxf7 28.Rg1 b5
29.b4 Rd5 30.Rg8+ Kd7 31.Na5 Rh5 32.Nb7 Ne6 33.Re1 Rxh3 34.Ra8 Kc7 35.Na5 Kd6
36.Rc8 Nd4 37.Rd8+ Rd7 38.Nb7+ Kc7 39.Rxd7+ Kxd7 40.Nc5+ Kd8 41.Nb7+ Kd7
42.Nc5+ Kd6 43.Re8 h5 44.Kd2 Rh2+ 45.Kc3 Ne2+ 46.Kb2 h4 47.Ne4+ Kd5 48.Nf6+ Kd6
49.Ne4+ Kd7 50.Nf6+ Kc7 51.Re7+ Kd6 52.Rxa7 h3 53.Rh7 Rg2 54.Rh6 Ke5 55.Kb3 Kf5
56.Ne4 h2 57.a3 Nf4 58.Kc3 Kg4 59.Kd4 Nh5  0-1

[Event "Cannes Martinez op"]
[Site "Cannes"]
[Date "1995.??.??"]
[Round "1"]
[White "Rotstein, Arkadij"]
[Black "Rouchouse, Stevens"]
[Result "1-0"]
[WhiteElo "2485"]
[BlackElo "2190"]

1.c4 e5 2.g3 Nc6 3.Bg2 g6 4.Nc3 Bg7 5.Rb1 a5 6.a3 d6 7.b4 axb4 8.axb4 f5
9.b5 Nce7 10.e3 Nf6 11.Nge2 O-O 12.O-O Rb8 13.Qb3 Be6 14.Ba3 Qe8 15.Nd5 Qf7
16.Nxe7+ Qxe7 17.d4 Qf7 18.d5 Bc8 19.b6 Ne4 20.Rfd1 cxb6 21.f3 Nc5 22.Qxb6 Ra8
23.Qxd6 Rxa3 24.Qxc5 Ra2 25.Nc3 Rc2 26.Rbc1 Rxc1 27.Rxc1 e4 28.f4 Bd7 29.Ne2 b5
30.cxb5 Rc8 31.Qxc8+ Bxc8 32.Rxc8+ Bf8 33.Nd4 Qd7 34.Rc6 Qxd5 35.Bf1 Qd8
36.b6 Qb8 37.Ba6 Kf7 38.b7 Bd6 39.Nb5 Ke7 40.Nxd6 Qa7 41.Nc8+  1-0

[Event "Cannes op"]
[Site "Cannes"]
[Date "1995.??.??"]
[Round "1"]
[White "Chabanon, Jean Luc"]
[Black "Caposciutti, Maurizio"]
[Result "1-0"]
[WhiteElo "2445"]
[BlackElo "2325"]

1.c4 e5 2.g3 Nf6 3.Bg2 Nc6 4.Nc3 Bc5 5.e3 d6 6.Nge2 O-O 7.a3 a5 8.d4 Ba7
9.h3 h6 10.O-O exd4 11.exd4 Re8 12.Kh2 Bf5 13.b4 axb4 14.axb4 Nxb4 15.Bxb7 Nc2
16.Ra4 Qb8 17.Bxa8 Qxa8 18.Nb5 Qf3 19.Nec3 Ne1 20.Qxf3 Nxf3+ 21.Kg2 Bxd4
22.Kxf3  1-0

[Event "Cannes op"]
[Site "Cannes"]
[Date "1995.??.??"]
[Round "2"]
[White "Mednis, Edmar John"]
[Black "Rotstein, Arkadij"]
[Result "1-0"]
[WhiteElo "2410"]
[BlackElo "2490"]

1.c4 e5 2.g3 g6 3.d4 exd4 4.Qxd4 Nf6 5.Nc3 Bg7 6.Qe3+ Kf8 7.Bg2 Nc6 8.Nf3 d6
9.O-O Be6 10.b3 Qd7 11.Bb2 Re8 12.Qd2 Bh3 13.Rfd1 h5 14.Qf4 Bxg2 15.Kxg2 h4
16.Nxh4 Rh5 17.Nd5 Nxd5 18.Bxg7+ Kxg7 19.Rxd5 Ree5 20.Rxe5 dxe5 21.Qe3 g5
22.Qf3 Rh8 23.Qf5 Qe7 24.Nf3 f6 25.Rd1 Rd8 26.Rxd8 Qxd8 27.h4 gxh4 28.Nxh4 Qd2
29.Qg6+ Kf8 30.Qxf6+ Ke8 31.Qe6+ Kd8 32.Qf6+ Kd7 33.Nf5 Qxe2 34.Qf7+ Kd8
35.Ng7 Qe4+ 36.Kg1 Qb1+ 37.Kg2 Qe4+ 38.Kh3 Qh1+ 39.Kg4 Qe4+ 40.Kg5  1-0

[Event "Cannes Martinez op"]
[Site "Cannes"]
[Date "1995.??.??"]
[Round "5"]
[White "Gentilleau, Jean Philippe"]
[Black "Couttet, Jean Marie"]
[Result "1-0"]
[WhiteElo "2225"]
[BlackElo "2070"]

1.c4 e5 2.g3 Nf6 3.Bg2 d5 4.cxd5 Nxd5 5.Nc3 Nb6 6.Nf3 Nc6 7.O-O Be7 8.a3 O-O
9.b4 a6 10.d3 Be6 11.Bb2 f5 12.Rc1 Qd7 13.Nb1 Bf6 14.Qc2 Rad8 15.Nbd2 Qf7
16.Bc3 Rd7 17.Rb1 Nd4 18.Bxd4 exd4 19.Nb3 Bxb3 20.Rxb3 Re8 21.Re1 c6 22.Nd2 Bg5
23.Nf3 Bf6 24.Nd2 Bg5 25.Rb2 Rde7 26.Nb1 Bf6 27.a4 Rc7 28.Na3 g6 29.a5 Nd5
30.Nc4 Rd7 31.Bxd5 Rxd5 32.Qb3 Rd7 33.Rc2 Kg7 34.Qa3 Re6 35.Nb6 Rd8 36.Nc4 Qe7
37.Nb6 Re8 38.Qb2 h5 39.h4 Rd8 40.Nc4 Qc7 41.f4 Qe7 42.Rf1 Kh7 43.Rf2 Rd5
44.Qb3 Rb5 45.Rb2 c5 46.Qc2 cxb4 47.Qb3 Rc6 48.Rf1 Qe6 49.Ra1 Be7 50.Rc2 Qd5
51.Rac1 Bd8 52.Ra1 Bxa5 53.Ra4 Rbc5 54.Rca2 Bd8 55.Rxb4 b5 56.Ne5 Qxb3 57.Rxb3 Re6
58.Rba3 a5 59.Nf7 Bf6 60.Rxa5 Kg7 61.Ng5 Re7 62.Rb2 Bxg5 63.hxg5 Rb7 64.Rb4 Re7
65.Ra2 Rd5 66.Kf2 Kf7 67.Ra6 Rc5 68.Ra2 Rd5 69.Rc2 Rb7 70.Rc6 Re7 71.Rb6 Rc5
72.R4xb5 Rc2 73.Rf6+ Kg7 74.Re5 Rxe5 75.fxe5 Rc5 76.Rd6 Rxe5 77.Rd7+ Kf8
78.Rxd4 Ra5 79.Rd7 Ra2 80.Kf3 Ra4 81.d4 Ra3+ 82.e3 Ra1 83.Rd6 Kf7 84.Rd7+ Kf8
85.Kf4 Rf1+ 86.Ke5 Re1 87.Kf6 Rxe3 88.Kxg6 Rxg3 89.Kxf5 h4 90.d5 h3 91.d6 h2
92.Rh7 Rg2 93.Kg6 Ke8 94.Re7+ Kd8 95.Rh7 Rd2 96.Kg7 Kd7 97.Kh8+ Kxd6 98.g6  1-0

[Event "Cannes Martinez op"]
[Site "Cannes"]
[Date "1995.??.??"]
[Round "9"]
[White "Gentilleau, Jean Philippe"]
[Black "Peric, Slavisa"]
[Result "1/2-1/2"]
[WhiteElo "2225"]
[BlackElo "2250"]

1.c4 e5 2.g3 d5 3.cxd5 Qxd5 4.Nf3 Nc6 5.Nc3 Qd8 6.Bg2 Nf6 7.O-O h6 8.d4 exd4
9.Nb5 Bc5 10.Bf4 Bb6 11.Ne5 Nxe5 12.Bxe5 O-O 13.Bxd4 c6 14.Bxf6 Qxf6 15.Nc3 Be6
16.Qc2 Rfd8 17.Na4 Rd7 18.Nxb6 axb6 19.b3 Rad8 20.Rad1 Qe7 21.Bf3 Bh3 22.Bg2 Bg4
23.Bf3 Bxf3 24.exf3 Qc5 25.Qe2 Rd5 26.Kg2 Qd6 27.Rxd5 Qxd5 28.Re1 b5 29.Qe7 Qd7
30.Qc5 Re8 31.Rxe8+ Qxe8 32.h4 g6 33.h5 Qd8 34.hxg6 fxg6 35.Qe5 Qd7 36.Qf6 Kh7
37.Qf8 Qc7 38.Qe8 b4 39.f4 c5 40.Kg1 b6 41.Qe6 b5 42.f5 gxf5 43.Qxf5+ Kg7
44.Qg4+ Kh8 45.Qg6 Qg7 46.Qe8+ Kh7 47.Qe4+ Kh8 48.Kg2 Qa7 49.Qe2  1/2-1/2

[Event "Cappelle op"]
[Site "Cappelle la Grande"]
[Date "1995.??.??"]
[Round "2"]
[White "Kratochwil, Christian"]
[Black "Mamedova, Rena"]
[Result "1-0"]
[WhiteElo "2340"]
[BlackElo "2180"]

1.c4 e5 2.g3 d6 3.Bg2 f5 4.e3 Nf6 5.Nc3 Be7 6.Nge2 O-O 7.O-O c6 8.d3 Be6
9.b3 d5 10.Bb2 Qe8 11.f4 Qh5 12.h3 e4 13.Nd4 Qf7 14.cxd5 cxd5 15.Rc1 Na6
16.dxe4 dxe4 17.Rf2 Bc5 18.Rd2 Nb4 19.Bf1 Bxd4 20.Rxd4 Nc6 21.Rd2 Rad8 22.Rcc2 Qg6
23.Kh2 Nh5 24.Ne2 Rxd2 25.Rxd2 a5 26.Rd6 Nb4 27.Qd4 Nd3 28.Bc3 Nc1 29.Rxe6 Nxe2
30.Rxg6 Nxd4 31.Bc4+ Kh8 32.Rd6 Nf3+ 33.Kg2 Nf6 34.Bxa5 h5 35.a4 h4 36.gxh4 Nxh4+
37.Kf2 Kh7 38.Rd8 Rxd8 39.Bxd8 Kg6 40.a5 Nf3 41.Be6 Ne8 42.b4 Nd6 43.Bd5 Nd2
44.Bxb7  1-0

[Event "Castellar op"]
[Site "Castellar"]
[Date "1995.??.??"]
[Round "?"]
[White "Suba, Mihai"]
[Black "Garcia Ilundain, David"]
[Result "1-0"]
[WhiteElo "2485"]
[BlackElo "2510"]

1.c4 e5 2.g3 Nf6 3.Bg2 Nc6 4.Nc3 Bb4 5.Nd5 O-O 6.a3 Be7 7.e3 a5 8.Ne2 d6
9.d3 Nxd5 10.cxd5 Nb8 11.O-O Nd7 12.Bd2 Nc5 13.d4 exd4 14.exd4 Nd7 15.Rc1 Nf6
16.Qc2 Ne8 17.Rfe1 Bd7 18.h3 Bg5 19.Bxg5 Qxg5 20.Nf4 Ra7 21.Qe2 b6 22.h4 Qf6
23.Qe7 Qxe7 24.Rxe7 Nf6 25.Nh5 Rd8 26.Nxf6+ gxf6 27.Re3 Kg7 28.Rec3 Rc8 29.b3 Bg4
30.Kh2 b5 31.Re3 Kf8 32.Bh3 f5 33.Bf1 b4 34.a4 Re8 35.Kg2 f4 36.gxf4 Bf5
37.Kf3 Re7 38.Bb5 Bd7 39.Bxd7 Rxd7  1-0

[Event "Castellar op"]
[Site "Castellar"]
[Date "1995.??.??"]
[Round "?"]
[White "Suba, Mihai"]
[Black "Yepes Martinez, Eduard"]
[Result "1-0"]
[WhiteElo "2485"]
[BlackElo "2315"]

1.c4 e5 2.g3 d6 3.Nc3 f5 4.d4 Be7 5.dxe5 dxe5 6.Qxd8+ Bxd8 7.e4 Nc6 8.Be3 Nf6
9.Bd3 g6 10.Nge2 O-O 11.O-O Be6 12.b3 Be7 13.Rad1 Rad8 14.exf5 gxf5 15.Bb1 Ng4
16.Nd5 Bxd5 17.cxd5 Nb4 18.Bc1 f4 19.h3 Nf6 20.gxf4 exf4 21.Nxf4 Rf7 22.Bf5 Rg7+
23.Kh1 Rg5 24.Be6+ Kf8 25.a3 Nbxd5 26.Bxd5 Rgxd5 27.Ne6+ Kf7 28.Nxd8+ Bxd8
29.Bb2 c6 30.Bxf6 Bxf6 31.Rxd5 cxd5 32.Kg2 Ke6 33.Kf3 b5 34.Rc1 Be7 35.Rc6+ Ke5
36.Rc7 Bxa3 37.Rxa7 Bc1 38.Rxh7 Kd4 39.Rb7 Kc3 40.Rxb5  1-0

[Event "Clichy"]
[Site "Clichy"]
[Date "1995.??.??"]
[Round "?"]
[White "Nikcevic, Nebojsa"]
[Black "Boudre, Jean Pierre"]
[Result "1-0"]
[WhiteElo "2470"]
[BlackElo "2380"]

1.c4 e5 2.g3 Nf6 3.Bg2 c6 4.Nf3 e4 5.Nd4 d5 6.cxd5 Qxd5 7.Nc2 Qh5 8.h3 Qg6
9.Nc3 Bc5 10.d3 exd3 11.Qxd3 Qxd3 12.exd3 Bf5 13.Ne4 Nxe4 14.dxe4 Be6 15.Be3 Bxe3
16.Nxe3 Na6 17.f4 f6 18.Ke2 O-O-O 19.Rhc1 Rd4 20.a3 Rhd8 21.Nd5 Bxd5 22.exd5 Re8+
23.Kf1 c5 24.Rd1 Re3 25.Rxd4 cxd4 26.d6 Kd7 27.Rd1 Rxg3 28.Rxd4 Rb3 29.Bd5 Rb6
30.Be6+ Kd8 31.f5 Nc5 32.b4 Nd7 33.Rg4 g6 34.Rxg6 Rxd6 35.Rg7 h5 36.Kf2 a5  1-0

[Event "Copenhagen op2"]
[Site "Copenhagen"]
[Date "1995.??.??"]
[Round "7"]
[White "Stojanovski, Sandi"]
[Black "Greger, Roland"]
[Result "0-1"]
[WhiteElo "2190"]
[BlackElo "2290"]

1.c4 e5 2.g3 Nf6 3.Bg2 c6 4.d3 d5 5.cxd5 cxd5 6.Nf3 Nc6 7.O-O Be7 8.Nc3 O-O
9.Bg5 Be6 10.Nd2 Qd7 11.Rc1 Rfd8 12.Nb3 b6 13.h3 Rac8 14.Kh2 h6 15.Bxf6 Bxf6
16.a4 Be7 17.d4 Nxd4 18.Nxd4 exd4 19.Qxd4 Bf6 20.Qd1 d4 21.Ne4 Be7 22.Ra1 f5
23.Nd2 Bf6 24.Ra3 Qc7 25.Rd3 Qc2 26.Qxc2 Rxc2 27.b3 Rdc8 28.Bf3 R8c3 29.Nc4 Rxd3
30.exd3 Rc3 31.Re1 Rxd3 32.Bh5 Bf7 33.Bxf7+ Kxf7 34.Ne5+ Bxe5 35.Rxe5 Rxb3
36.Rxf5+ Ke6 37.Rf8 Ra3 38.Rg8 Kf7 39.Rd8 Rxa4 40.Kg2 Ke7 41.Rd5 Rb4 42.Kf3 a5
43.Ke4 a4 44.Re5+ Kf6 45.Re8 Rb3 46.Kxd4 b5 47.h4 a3 48.g4 a2 49.Rf8+ Ke6
50.Re8+ Kd6 51.Rd8+ Kc6 52.Ra8 Rb4+ 53.Kc3 Ra4 54.Rxa4 bxa4 55.Kb2 Kd5 56.Kxa2 Ke4
57.g5 hxg5 58.hxg5 g6 59.Ka3 Kf3 60.Kxa4 Kxf2  0-1

[Event "Copenhagen BSF"]
[Site "Copenhagen"]
[Date "1995.??.??"]
[Round "8"]
[White "Moskalenko, Viktor"]
[Black "Hansen, Curt"]
[Result "1/2-1/2"]
[WhiteElo "2525"]
[BlackElo "2630"]

1.c4 e5 2.g3 d6 3.Nc3 g6 4.Bg2 Bg7 5.e4 Ne7 6.Nge2 Nbc6 7.d3 Be6 8.O-O O-O
9.Be3 Nd4 10.Bxd4 exd4 11.Nd5 c6 12.Nxe7+ Qxe7 13.Qd2 Rfe8 14.Rae1 a5 15.Kh1 Qc7
16.Ng1 a4 17.f4 Qa5 18.Qxa5 Rxa5 19.Bh3 Bxh3 20.Nxh3 b5 21.Nf2 Rb8 22.b4 axb3  1/2-1/2

[Event "Copenhagen op17"]
[Site "Copenhagen"]
[Date "1995.??.??"]
[Round "9"]
[White "Holmsgaard, Henrik"]
[Black "Schultz Pedersen, Jesper"]
[Result "1/2-1/2"]
[WhiteElo "2275"]
[BlackElo "2190"]

1.g3 e5 2.c4 d6 3.Bg2 Nc6 4.Nc3 Be7 5.e3 Nf6 6.d4 exd4 7.exd4 O-O 8.Nge2 Bg4
9.O-O Qd7 10.Be3 Rfe8 11.Qd2 Bh3 12.Bxh3 Qxh3 13.Nf4 Qf5 14.f3 h5 15.Rae1 Bf8
16.Ncd5 Nxd5 17.Nxd5 Rac8 18.Kg2 Ne7 19.Nxe7+ Bxe7 20.d5 a6  1/2-1/2

[Event "Cordoba op"]
[Site "Cordoba"]
[Date "1995.??.??"]
[Round "?"]
[White "Pogorelov, Ruslan"]
[Black "Conquest, Stuart"]
[Result "1/2-1/2"]
[WhiteElo "2445"]
[BlackElo "2455"]

1.c4 e5 2.g3 d6 3.Bg2 g6 4.Nc3 Bg7 5.d3 Nf6 6.Nf3 O-O 7.O-O h6 8.Rb1 Nc6
9.b4 Be6 10.b5 Ne7 11.Qc2 Qd7 12.Re1 Bh3 13.Bh1 Nh5 14.Nd2 Rab8 15.Nd5 Nxd5
16.cxd5 f5 17.Rb4 g5 18.a4 Rf7 19.Rc4 Rbf8 20.e3 f4 21.Ne4 Kh8 22.exf4 gxf4
23.Bb2 Nf6 24.Nxf6 Rxf6 25.f3 Qf5  1/2-1/2

[Event "ESP-chT"]
[Site "Cordoba"]
[Date "1995.??.??"]
[Round "2"]
[White "Lezcano Jaen, Pedro"]
[Black "Rodriguez Lopez, Rafael"]
[Result "0-1"]
[WhiteElo "2340"]
[BlackElo "2315"]

1.c4 e5 2.g3 Bc5 3.Bg2 d6 4.Nc3 a5 5.e3 Nc6 6.Nge2 Bg4 7.h3 Bh5 8.O-O Nge7
9.Kh1 f5 10.d4 exd4 11.exd4 Bxd4 12.Qb3 O-O 13.Nf4 Bf7 14.Nfd5 Rb8 15.Nb5 Nxd5
16.cxd5 Bb6 17.Be3 Bxe3 18.Qxe3 Ne7 19.Qd2 c6 20.Nc3 Kh8 21.Rad1 Bh5 22.Rde1 f4
23.g4 f3 24.Qg5 fxg2+ 25.Kxg2 Nxd5 26.Qxd8 Nf4+ 27.Kh2 Rbxd8 28.gxh5 Rde8
29.Ne4 Nd3 30.Re3 Nxf2 31.Rfe1 Nxe4 32.Rxe4 Rxe4 33.Rxe4 h6  0-1

[Event "ESP-chT"]
[Site "Cordoba"]
[Date "1995.??.??"]
[Round "5"]
[White "Suba, Mihai"]
[Black "Giorgadze, Giorgi"]
[Result "1/2-1/2"]
[WhiteElo "2475"]
[BlackElo "2590"]

1.c4 e5 2.g3 Nc6 3.Nc3 g6 4.e3 Bg7 5.Nge2 Nf6 6.Bg2 O-O 7.O-O Ne7 8.d4 exd4
9.Nxd4 d5 10.cxd5 Nfxd5 11.Nxd5 Nxd5 12.Qd3 c6 13.Rd1 Qe7 14.Bd2 Bxd4 15.Bxd5 Bc5
16.Bf3 Be6 17.Qc3 a5 18.a3 Rfd8 19.b4 axb4 20.axb4 Rxa1 21.Rxa1 Bxb4 22.Qxb4 Qf6
23.Bc3 Qxf3 24.Qd6 Re8 25.Qe5 f6 26.Qxf6 Qxf6 27.Bxf6 Bd5 28.Bd4 Bf3 29.h3 h5
30.g4 hxg4 31.hxg4 Re4 32.Ra8+ Kf7 33.Ra7 Rxg4+ 34.Kh2 c5 35.Bxc5 Rg2+ 36.Kh3 Rxf2
37.Kg3 Rf1 38.Ra8 Ke6 39.Rf8 Be2 40.Rxf1 Bxf1 41.Kf4 Kd5 42.Ba3 Bd3 43.Bb2 b5
44.Bc3 Bc2 45.Bd2 Kc4 46.e4 b4 47.e5 Ba4 48.Kg5 Be8 49.e6 b3 50.Bc1 Kd5 51.Kf6 Ke4
52.Bb2 Kf4 53.Bc1+ Kg4 54.Ke5 Ba4 55.e7 Kf3 56.Kd4  1/2-1/2

[Event "CZE-chT1a"]
[Site "?"]
[Date "1995.??.??"]
[Round "?"]
[White "Fiedler, Bedrich"]
[Black "Efler, David"]
[Result "1/2-1/2"]
[WhiteElo "2145"]
[BlackElo "2255"]

1.c4 e5 2.g3 g6 3.d4 Nc6 4.Nf3 exd4 5.Nxd4 Nxd4 6.Qxd4 Qf6 7.Qxf6 Nxf6 8.Bg2 Bg7
9.O-O O-O 10.Nc3 a6 11.h3 Rb8 12.Be3 d6 13.Rac1 Re8 14.Rfd1 Be6 15.Nd5 Bxd5
16.cxd5 Re7 17.Rc2 Ne8 18.Bd4 Be5 19.e3 h6 20.Rc3 Kf8 21.Rb3 Bxd4 22.Rxd4 Nf6
23.Rdb4 b6 24.Ra4 Nd7 25.Rc3 Nc5 26.Rd4 a5 27.b3 Ra8 28.Rd2 Ke8 29.a3 Ra7
30.Rdc2 Kd8 31.h4 Re5 32.Kf1  1/2-1/2

[Event "CZE-chT2"]
[Site "?"]
[Date "1995.??.??"]
[Round "?"]
[White "Ioseliani, Nana"]
[Black "Trefny, Vlastimil"]
[Result "1-0"]
[WhiteElo "2465"]
[BlackElo "2335"]

1.c4 e5 2.g3 Nc6 3.Bg2 d6 4.Nc3 Be6 5.d3 Qd7 6.Rb1 g6 7.e3 Bg7 8.b4 Nge7
9.Nd5 O-O 10.Ne2 Rae8 11.O-O f5 12.b5 Nd8 13.d4 e4 14.Nxe7+ Qxe7 15.Qc2 c5
16.bxc6 bxc6 17.Ba3 Qc7 18.Qb3 c5 19.dxc5 dxc5 20.Qb5 Nc6 21.Bxc5 Rb8 22.Qa4 Rfd8
23.Nf4 Bf7 24.Nd5 Bxd5 25.cxd5 Rxb1 26.Rxb1 Rxd5 27.Qc4 Qf7 28.Bf1 h5 29.Rb7 Qxb7
30.Qxd5+ Kh7 31.h3 Qc7 32.Bd6 Qd7 33.Qc5 Nd8 34.Bb5 Qb7 35.Bc4 Qb1+ 36.Kg2 Nb7
37.Qb4 Qd1 38.Bc7 Qf3+ 39.Kg1 Qd1+ 40.Kh2 Qc2 41.Kg2 a5 42.Qb5 a4 43.Qd5 Qc3
44.h4  1-0

[Event "Debrecen op"]
[Site "Debrecen"]
[Date "1995.??.??"]
[Round "8"]
[White "Mate, Laszlo"]
[Black "Felegyhazi, Laszlo"]
[Result "0-1"]
[WhiteElo "2350"]
[BlackElo "2360"]

1.c4 e5 2.g3 Nf6 3.Bg2 Bc5 4.Nc3 O-O 5.e3 c6 6.Nge2 d5 7.cxd5 cxd5 8.d4 exd4
9.exd4 Bb4 10.Qb3 Nc6 11.O-O Bxc3 12.Qxc3 Ne4 13.Qb3 b6 14.Be3 Ba6 15.Rfe1 Bc4
16.Qa4 b5 17.Qd1 b4 18.Qa4 Rc8 19.Nf4 a6 20.Rac1 Bb5 21.Qd1 Re8 22.a4 bxa3
23.bxa3 Qd6 24.Qb3 Bc4 25.Qa4 Na7 26.Bf1 Bxf1 27.Rxf1 Nb5 28.Qb3 Nbc3 29.Qb4 Qxb4
30.axb4 g5 31.Rxc3 Nxc3 32.Nd3 Rc4 33.Kg2 Nb5 34.Rd1 f6 35.Ra1 Ra8 36.Ra5 Rc3
37.Nc5 Ra3 38.h4 h6 39.hxg5 hxg5 40.Kh3 Kf7 41.Na4 Kg6 42.g4 Nxd4 43.Nb6 Rh8+
44.Kg2 Rxa5 45.bxa5 Nb3 46.Nxd5 Nxa5 47.Nxf6 Nc4 48.Bd4 Rd8 49.Bc3 a5 50.Ne4 a4
51.f3 a3 52.Kg3 a2 53.Nc5 Rb8 54.Kf2  0-1

[Event "Dhaka"]
[Site "Dhaka"]
[Date "1995.??.??"]
[Round "8"]
[White "Serper, Grigory"]
[Black "Reefat bin Satter"]
[Result "1-0"]
[WhiteElo "2585"]
[BlackElo "2430"]

1.c4 e5 2.g3 Nf6 3.Bg2 d5 4.cxd5 Nxd5 5.Nc3 Nb6 6.Nf3 Nc6 7.O-O Be7 8.a3 O-O
9.b4 Be6 10.Rb1 f6 11.d3 a5 12.bxa5 Rxa5 13.Nb5 Na7 14.Nxa7 Rxa7 15.Qc2 Qd7
16.Nd2 Nd5 17.Nb3 Qc6 18.Qd2 Rd8 19.Na5 Qa6 20.Nc4 Bc5 21.Qc2 b6 22.Bb2 Qa4
23.Rfc1 Ne7 24.Nd2 Qxc2 25.Rxc2 Nf5 26.Bh3 g6 27.Ne4 Be7 28.Rc6 Kf7 29.Rbc1 Nd4
30.Bxe6+ Nxe6 31.R6c3 c5 32.Rb3 Rb8 33.e3 b5 34.Kf1 Ra4 35.Ke2 Rb7 36.Nc3 Ra5
37.Nd5 Bd6 38.Bc3 Ra4 39.Rcb1 b4 40.axb4 cxb4 41.Bxb4 Ra2+ 42.R3b2 Rxb2+
43.Rxb2 Nc7 44.Nxc7 Bxc7 45.Rc2 Bd8 46.Rc4 Be7 47.Bc3 Ke6 48.f4 exf4 49.gxf4 Ra7
50.e4 Ra2+ 51.Ke3 f5 52.exf5+ Kxf5 53.Rc7 Ke6 54.d4 Bd6 55.Rxh7 Kf5 56.Kd3 Bxf4
57.h3 g5 58.d5 Be5 59.Bb4 Rb2 60.Kc4 Kg6 61.Ra7 Rc2+ 62.Kb5 Rb2 63.Kc4 Kf5
64.Bc5 Rc2+ 65.Kb5 Ke4 66.d6 Kd5 67.Bb4 Bxd6 68.Rd7 Rh2 69.Rxd6+ Ke4 70.Re6+ Kf3
71.Rh6 Kg2 72.Rh5 Rxh3 73.Rxg5+ Kf3  1-0

[Event "Dublin"]
[Site "Dublin"]
[Date "1995.??.??"]
[Round "4"]
[White "Kelly, Bryan"]
[Black "Ryan, Joseph"]
[Result "1-0"]
[WhiteElo "2210"]
[BlackElo "2230"]

1.c4 e5 2.g3 Nf6 3.Bg2 c6 4.Nf3 e4 5.Nd4 d5 6.cxd5 Qxd5 7.Nc2 Qh5 8.h3 Qg6
9.Nc3 Bd6 10.b3 h5 11.Ba3 Bxa3 12.Nxa3 O-O 13.Nc4 Na6 14.Qb1 h4 15.g4 Re8
16.Nd6 Re5 17.Ndxe4 Nxe4 18.Bxe4 f5 19.gxf5 Bxf5 20.Bxf5 Rxf5 21.Qe4 Qf6
22.f3 Rf4 23.Qe3 Nb4 24.Rc1 Kf7 25.Ne4 Qe5 26.Rg1 Nd5 27.Ng5+ Qxg5 28.Rxg5 Nxe3
29.dxe3 Rb4 30.Rd1 Kf6 31.Rg1 Rg8 32.Rd6+ Kf7 33.Rg5 g6 34.e4 Rb6 35.Kd2 c5
36.Rd7+ Ke6 37.Rc7 Ra6 38.a4 Rd6+ 39.Kc2 b6 40.Rxa7 Kf6 41.Rg2 Rgd8 42.Rb7 Rc6
43.Kc3 c4 44.bxc4 Rd1 45.Rg4 g5 46.Rb8 Rh1 47.Kd4 Rd6+ 48.Ke3 Rxh3 49.Rg8 Rc6
50.R8xg5 Ke7 51.Rg7+ Kd6 52.Kd4 Rg3 53.Rxg3 hxg3 54.Rxg3 Rc5 55.e5+ Kc7 56.Rg7+ Kc6
57.Ra7  1-0

[Event "Dublin"]
[Site "Dublin"]
[Date "1995.??.??"]
[Round "6"]
[White "King, Daniel J"]
[Black "Ryan, Joseph"]
[Result "1-0"]
[WhiteElo "2500"]
[BlackElo "2230"]

1.g3 e5 2.c4 c6 3.d4 Bb4+ 4.Bd2 Bxd2+ 5.Qxd2 d6 6.Nc3 Qe7 7.Bg2 Nf6 8.e4 d5
9.cxd5 exd4 10.Qxd4 cxd5 11.Nxd5 Nxd5 12.Qxd5 Be6 13.Qd2 Nc6 14.Ne2 Rd8 15.Qc3 Qb4
16.O-O O-O 17.a3 Qb3 18.Rac1 a5 19.Nf4 Nd4 20.Rfe1 Qxc3 21.Rxc3 Bb3 22.h4 a4
23.Kh2 Rfe8 24.Ree3 b5 25.Nd5 f5 26.exf5 Nxf5 27.Rxe8+ Rxe8 28.Rc5 Nd6 29.Nc3 Kf8
30.Bf1 Nc4 31.Rxb5 Nd2 32.Bg2 Re1 33.Rb4 Ke7 34.Nxa4 Bd1 35.Nc3 Nf3+ 36.Bxf3 Bxf3
37.g4 h5 38.gxh5 Bc6 39.Kg3 Kd6 40.Kf4 Rh1 41.Ne4+ Bxe4 42.Kxe4 Rxh4+ 43.f4 Rxh5
44.Rb6+ Ke7 45.b4 g5 46.Rb5 Rh3 47.Rxg5 Rxa3 48.Rb5 Ra1 49.Kf5 Rf1 50.Rb7+ Kd6
51.Kg5 Rg1+ 52.Kf6 Rg4 53.f5 Rf4 54.b5 Rf1 55.Rb6+ Kc7 56.Re6 Kd7 57.b6 Rb1
58.Kf7 Rb2 59.b7 Rg2 60.Re7+  1-0

[Event "Dublin"]
[Site "Dublin"]
[Date "1995.??.??"]
[Round "8"]
[White "Kelly, Bryan"]
[Black "Littlewood, John Eric"]
[Result "1-0"]
[WhiteElo "2210"]
[BlackElo "2310"]

1.c4 e5 2.g3 Nf6 3.Bg2 c6 4.d4 exd4 5.Qxd4 d5 6.cxd5 cxd5 7.Nf3 Nc6 8.Qa4 Bc5
9.O-O O-O 10.Qc2 Bb6 11.Nc3 d4 12.Na4 Be6 13.a3 Rc8 14.Qd3 Qd7 15.Nxb6 axb6
16.Rd1 Bf5 17.Qb5 Rfe8 18.Bg5 Ne4 19.Bf4 Qe6 20.Qxb6 Bh3 21.Bh1 Rcd8 22.Qxb7 Na5
23.Qb4 Nb3 24.Nxd4 Rxd4 25.Rxd4 Nxf2 26.Re1 Nxd4 27.Qxd4 Ng4 28.Bf3 h6 29.Rc1 g5
30.Bd2 Ne5 31.Bc3 Rc8 32.Re1 Rxc3 33.Qxc3 Qb6+ 34.Kh1 Qf2 35.Rg1 g4 36.Bg2 Qxe2
37.Bxh3 gxh3 38.Qc8+ Kg7 39.Qxh3 Ng4 40.Rf1 Nxh2 41.Rf4  1-0